000 00738nam a2200241Ia 4500
003 OSt
005 20220918194428.0
006 a|||||r|||| 00| 0
007 ta
008 220917b |||||||| |||| 00| 0 eng d
024 _a79,400
037 _cTextual
040 _aARTS
_cARTS
_beng
041 _2eng
_aeng
082 _aS:4, J71-;1
100 _aHamlyn D W
_976163
245 0 _aPsychology of perception
_b a philosophical examination of gestalt theory and derivative theories of perception
260 _c1957
490 _aStudies in philosophical psychology , ed by R F Holland; 1
650 _aTHEORY OF KNOWLEDGE; PSYCHOLOGY
_98686
942 _hS:4, J71-;1
_cTEXL
_2CC
999 _c203126
_d203126